[Event "308th YMCA Autumn C"]
[Site "Warsaw"]
[Date "2025.11.21"]
[Round "9"]
[White "Kita, Jaroslaw"]
[Black "Alvarado, Luis"]
[Result "1-0"]
[WhiteElo "1557"]
[BlackElo "1730"]
[PlyCount "105"]
[EventDate "2025.09.23"]
[EventType "tourn"]
[EventRounds "1"]
[EventCountry "POL"]
[SourceDate "2025.09.23"]

1. e4 c5 2. Nf3 e6 3. Nc3 Nc6 4. d4 cxd4 5. Nxd4 Qc7 6. g3 a6 7. Bg2 Nf6 8. O-O
Be7 9. Nxc6 bxc6 10. Bf4 e5 11. Be3 d6 12. Qd2 O-O 13. Rad1 Ng4 14. Bg5 f6 15.
Be3 Nxe3 16. Qxe3 Be6 17. b3 Rad8 18. Na4 d5 19. Nc5 Bf7 20. c3 Qb6 21. Na4
Qxe3 22. fxe3 Be6 23. exd5 cxd5 24. Nb6 e4 25. Kf2 Bc5 26. Na4 Ba7 27. Rd2 f5
28. Ke2 f4 29. Rxf4 Rxf4 30. gxf4 Bg4+ 31. Kf2 g5 32. fxg5 Rf8+ 33. Kg3 Bxe3
34. Rxd5 Be6 35. Bxe4 Bxd5 36. Bxd5+ Kg7 37. c4 a5 38. h4 Bf2+ 39. Kg4 Bd4 40.
h5 Rf2 41. h6+ Kh8 42. c5 Rxa2 43. c6 Rc2 44. Bc4 Rg2+ 45. Kf5 Rf2+ 46. Ke4 Rf8
47. Kxd4 Rf4+ 48. Ke5 Re4+ 49. Kd6 Rd4+ 50. Bd5 Rxa4 51. c7 Rc4 52. bxc4 a4 53.
c8=Q# 1-0

[Event "308th YMCA Autumn C"]
[Site "Warsaw"]
[Date "2025.11.19"]
[Round "9"]
[White "Przybylski, Marek"]
[Black "Marczukiewicz, Slawomir"]
[Result "1-0"]
[WhiteElo "1668"]
[BlackElo "1658"]
[PlyCount "83"]
[EventDate "2025.09.23"]
[EventType "tourn"]
[EventRounds "1"]
[EventCountry "POL"]
[SourceDate "2025.09.23"]

1. e4 e5 2. Nf3 Nf6 3. Nxe5 d6 4. Nf3 Nxe4 5. d4 Qe7 6. Be2 Bg4 7. O-O Nd7 8.
Re1 O-O-O 9. Bd3 d5 10. c4 c6 11. cxd5 cxd5 12. Qc2+ Kb8 13. Bxe4 Bxf3 14. Bf4+
Ka8 15. gxf3 Qf6 16. Bf5 Bb4 17. Bd2 Bxd2 18. Nxd2 Qg5+ 19. Kh1 Nf6 20. Re5 Qf4
21. Qd3 g6 22. Bh3 Nh5 23. Qe3 Qh4 24. Bg2 Nf4 25. Rc1 a6 26. Nf1 Ka7 27. Ng3
Rc8 28. Rc3 Rxc3 29. Qxc3 Rd8 30. Qc5+ Ka8 31. Qe7 Qxe7 32. Rxe7 Rc8 33. h4 Rc2
34. Rxf7 Nd3 35. f4 Nxf2+ 36. Kg1 h5 37. Bxd5 Nh3+ 38. Kf1 Rf2+ 39. Ke1 Rxf4
40. Bxb7+ Kb8 41. Rxf4 Nxf4 42. Be4 1-0

[Event "308th YMCA Autumn C"]
[Site "Warsaw"]
[Date "2025.11.19"]
[Round "9"]
[White "Momot, Glib"]
[Black "Kozera, Konrad"]
[Result "1-0"]
[WhiteElo "1685"]
[BlackElo "1558"]
[PlyCount "23"]
[EventDate "2025.09.23"]
[EventType "tourn"]
[EventRounds "1"]
[EventCountry "POL"]
[SourceDate "2025.09.23"]

1. e4 c5 2. Nf3 g6 3. d4 cxd4 4. Nxd4 Bg7 5. Nc3 Nc6 6. Be3 Nf6 7. f3 Qb6 8.
Nf5 Qxb2 9. Nxg7+ Kf8 10. Na4 Qa3 11. c3 d6 12. Bc1 1-0

[Event "308th YMCA Autumn C"]
[Site "Warsaw"]
[Date "2025.12.09"]
[Round "9"]
[White "Kumik, Michal"]
[Black "Wiktorowski, Janusz"]
[Result "1-0"]
[WhiteElo "1658"]
[BlackElo "1589"]
[PlyCount "59"]
[EventDate "2025.09.23"]
[EventType "tourn"]
[EventRounds "1"]
[EventCountry "POL"]
[SourceDate "2025.09.23"]

1. e4 e5 2. Nc3 Bc5 3. Bc4 Nf6 4. d3 h6 5. f4 Bxg1 6. Rxg1 exf4 7. Bxf4 d6 8.
Qf3 a6 9. h3 Nc6 10. O-O-O Nd4 11. Qf2 c5 12. Be3 Nc6 13. d4 b5 14. dxc5 bxc4
15. Rxd6 Bd7 16. Bd4 Nxd4 17. Qxd4 Qe7 18. e5 Be6 19. exf6 Qxf6 20. Qxf6 gxf6
21. Nd5 Rc8 22. Nxf6+ Ke7 23. Nd5+ Kf8 24. Nf4 Bf5 25. g4 Rg8 26. Rgd1 Be6 27.
Nxe6+ fxe6 28. Rxe6 Kg7 29. Rd7+ Kh8 30. Rxh6# 1-0

[Event "308th YMCA Autumn C"]
[Site "Warsaw"]
[Date "2025.11.19"]
[Round "9"]
[White "Milczak, Piotr"]
[Black "Gluszek, Rafal"]
[Result "1/2-1/2"]
[WhiteElo "1663"]
[BlackElo "1723"]
[PlyCount "86"]
[EventDate "2025.09.23"]
[EventType "tourn"]
[EventRounds "1"]
[EventCountry "POL"]
[SourceDate "2025.09.23"]

1. d4 d5 2. c4 c5 3. cxd5 Nf6 4. Nc3 Nxd5 5. e4 Nxc3 6. bxc3 cxd4 7. cxd4 e5 8.
Nf3 exd4 9. Qxd4 Qxd4 10. Nxd4 a6 11. Bc4 Bc5 12. Bb2 Bb4+ 13. Ke2 O-O 14. Rhd1
Bd7 15. Bd5 Nc6 16. Nf5 Bxf5 17. exf5 Rac8 18. Rac1 Na5 19. Rd4 Rfe8+ 20. Kf3
Rxc1 21. Bxc1 Bc3 22. Rd3 Rc8 23. Be3 Bf6 24. g4 g5 25. fxg6 hxg6 26. g5 Be5
27. h4 Nc4 28. Bxb7 Rc7 29. Bxa6 Nxe3 30. Rxe3 Rc3 31. a4 Kf8 32. Rxc3 Bxc3 33.
Kg4 Be1 34. f4 Bd2 35. Bd3 Kg7 36. f5 Be1 37. h5 gxh5+ 38. Kxh5 Bd2 39. Kg4 Kf8
40. g6 Kg7 41. Kf3 fxg6 42. fxg6 Kf6 43. Ke4 Kxg6 1/2-1/2

[Event "308th YMCA Autumn C"]
[Site "Warsaw"]
[Date "2025.12.05"]
[Round "10"]
[White "Wiktorowski, Janusz"]
[Black "Milczak, Piotr"]
[Result "0-1"]
[WhiteElo "1589"]
[BlackElo "1663"]
[PlyCount "86"]
[EventDate "2025.09.23"]
[EventType "tourn"]
[EventRounds "1"]
[EventCountry "POL"]
[SourceDate "2025.09.23"]

1. e4 c6 2. d4 d5 3. exd5 cxd5 4. h3 Bf5 5. Bb5+ Nc6 6. Nf3 e6 7. O-O Bd6 8.
Bg5 Qc7 9. c3 a6 10. Bd3 Nge7 11. Qc2 Rc8 12. Nbd2 Nb4 13. cxb4 Qxc2 14. Bxc2
Rxc2 15. a3 O-O 16. b3 h6 17. Be3 Rfc8 18. Rfd1 R2c3 19. Ne5 Bc2 20. Rdc1 Bxb3
21. Nxb3 Rxb3 22. Rxc8+ Nxc8 23. Nd7 Ne7 24. Nc5 Bxc5 25. dxc5 Nc6 26. Kf1 d4
27. Bd2 Ne5 28. Ke1 Nc4 29. Bc1 Kf8 30. Kd1 Ke8 31. Kc2 Rc3+ 32. Kd1 Kd7 33.
Ra2 e5 34. Rc2 Rxc2 35. Kxc2 Kc6 36. Kd3 Kd5 37. f3 f5 38. g4 e4+ 39. fxe4+
fxe4+ 40. Ke2 d3+ 41. Kd1 e3 42. a4 d2 43. Bxd2 exd2 0-1

[Event "308th YMCA Autumn C"]
[Site "Warsaw"]
[Date "2025.12.02"]
[Round "10"]
[White "Kozera, Konrad"]
[Black "Kumik, Michal"]
[Result "0-1"]
[WhiteElo "1558"]
[BlackElo "1658"]
[PlyCount "50"]
[EventDate "2025.09.23"]
[EventType "tourn"]
[EventRounds "1"]
[EventCountry "POL"]
[SourceDate "2025.09.23"]

1. e4 e5 2. Nf3 Nc6 3. Bc4 Nf6 4. O-O Bc5 5. d3 O-O 6. Bg5 h6 7. Bh4 Re8 8. a3
d6 9. Nc3 Be6 10. Nd5 Bxd5 11. Bxd5 Rb8 12. Ba2 Nd4 13. Nxd4 Bxd4 14. c3 Bb6
15. Qb3 Rf8 16. Rfe1 g5 17. Bg3 h5 18. h4 Ng4 19. hxg5 Qxg5 20. Qc2 h4 21. Bh2
Bxf2+ 22. Kh1 Bxe1 23. Rxe1 Nxh2 24. Kxh2 Qg3+ 25. Kh1 Qxe1+ 0-1

[Event "308th YMCA Autumn C"]
[Site "Warsaw"]
[Date "2025.11.26"]
[Round "10"]
[White "Marczukiewicz, Slawomir"]
[Black "Momot, Glib"]
[Result "0-1"]
[WhiteElo "1658"]
[BlackElo "1685"]
[PlyCount "74"]
[EventDate "2025.09.23"]
[EventType "tourn"]
[EventRounds "1"]
[EventCountry "POL"]
[SourceDate "2025.09.23"]

1. c4 e5 2. Nc3 Nc6 3. g3 g6 4. Bg2 Bg7 5. d3 Nge7 6. e4 d6 7. Nge2 O-O 8. h4
h5 9. Bg5 Bg4 10. f3 Be6 11. Nd5 f6 12. Be3 Nb8 13. Qd2 c6 14. Nxe7+ Qxe7 15.
Nc3 f5 16. O-O-O Kh7 17. Kb1 f4 18. gxf4 exf4 19. Bxf4 Bxc3 20. bxc3 b5 21.
cxb5 cxb5 22. Bg3 Nd7 23. Qg5 Qf7 24. Rd2 Rfc8 25. Rc1 Rc6 26. d4 Bc4 27. f4 b4
28. cxb4 Bxa2+ 29. Rxa2 Rxc1+ 30. Kxc1 Qxa2 31. Qe7+ Kh8 32. Qxd7 Qxg2 33. Qe6
Qg1+ 34. Kb2 Qxd4+ 35. Ka3 Qc3+ 36. Qb3 Rc8 37. f5 Qa1+ 0-1

[Event "308th YMCA Autumn C"]
[Site "Warsaw"]
[Date "2025.11.28"]
[Round "10"]
[White "Alvarado, Luis"]
[Black "Przybylski, Marek"]
[Result "1/2-1/2"]
[WhiteElo "1730"]
[BlackElo "1668"]
[PlyCount "56"]
[EventDate "2025.09.23"]
[EventType "tourn"]
[EventRounds "1"]
[EventCountry "POL"]
[SourceDate "2025.09.23"]

1. d4 d5 2. c4 e6 3. g3 Nf6 4. Bg2 Be7 5. Nf3 O-O 6. O-O Nbd7 7. cxd5 exd5 8.
Nc3 c6 9. Re1 Re8 10. e4 dxe4 11. Nxe4 Nxe4 12. Rxe4 Nf6 13. Re1 Be6 14. a3 a5
15. Ng5 Bd5 16. Ne4 Nxe4 17. Bxe4 Bf6 18. Bxd5 Rxe1+ 19. Qxe1 Qxd5 20. Be3 Bxd4
21. Rd1 c5 22. Qd2 Kf8 23. b4 axb4 24. axb4 b6 25. bxc5 bxc5 26. Bxd4 cxd4 27.
Qxd4 Qxd4 28. Rxd4 g6 1/2-1/2

[Event "308th YMCA Autumn C"]
[Site "Warsaw"]
[Date "2025.11.26"]
[Round "10"]
[White "Kasperski, Marcin"]
[Black "Kita, Jaroslaw"]
[Result "0-1"]
[WhiteElo "1724"]
[BlackElo "1557"]
[PlyCount "68"]
[EventDate "2025.09.23"]
[EventType "tourn"]
[EventRounds "1"]
[EventCountry "POL"]
[SourceDate "2025.09.23"]

1. c4 e6 2. g3 d5 3. Bg2 d4 4. d3 Nf6 5. Nf3 c5 6. O-O Nc6 7. Na3 a6 8. Nc2 Be7
9. e3 O-O 10. exd4 cxd4 11. a3 a5 12. Re1 Re8 13. b3 Qb6 14. Rb1 Bd6 15. Bg5
Be7 16. Nd2 h6 17. Bxf6 Bxf6 18. f4 Be7 19. Qh5 Bd7 20. Be4 Bd6 21. Rf1 f5 22.
Bxc6 Qxc6 23. Rbe1 b5 24. Qf3 Qb6 25. Rb1 Bc6 26. Qf2 Bb7 27. h4 Rad8 28. Kh2
e5 29. fxe5 Bxe5 30. Qxf5 Qc7 31. Qg6 Bxg3+ 32. Kg1 Bh2+ 33. Kf2 Qf4+ 34. Nf3
Qxf3# 0-1

[Event "308th YMCA Autumn C"]
[Site "Warsaw"]
[Date "2025.11.26"]
[Round "10"]
[White "Pichurko, Jakub"]
[Black "Glowacki, Mateusz"]
[Result "1-0"]
[WhiteElo "1714"]
[BlackElo "1693"]
[PlyCount "95"]
[EventDate "2025.09.23"]
[EventType "tourn"]
[EventRounds "1"]
[EventCountry "POL"]
[SourceDate "2025.09.23"]

1. d4 Nf6 2. Nf3 c5 3. e3 cxd4 4. exd4 d5 5. Bd3 Bg4 6. c3 Nbd7 7. O-O e6 8.
Re1 Bd6 9. Nbd2 Qc7 10. Nf1 O-O 11. Bg5 Rae8 12. h3 Bh5 13. g4 Bg6 14. Bh4 Ne4
15. Bxe4 dxe4 16. N3d2 f5 17. Bg3 Bxg3 18. Nxg3 Nf6 19. Qb3 fxg4 20. Ndxe4 Nxe4
21. Nxe4 Qf4 22. Qc2 gxh3 23. Re3 Bxe4 24. Qxe4 Qxf2+ 25. Kh1 Rf4 26. Re2 Qf3+
27. Qxf3 Rxf3 28. Rae1 g5 29. Re5 h6 30. Rxe6 Rxe6 31. Rxe6 Kg7 32. d5 g4 33.
Kh2 h5 34. d6 Rd3 35. c4 h4 36. c5 g3+ 37. Kxh3 Kf7 38. Rh6 Rd4 39. Rh7+ Ke8
40. Rxb7 Rd2 41. Rg7 Rh2+ 42. Kg4 g2 43. Kf3 h3 44. d7+ Kd8 45. c6 g1=Q 46.
Rxg1 Rd2 47. Rg8+ Kc7 48. Rc8+ 1-0

[Event "308th YMCA Autumn C"]
[Site "Warsaw"]
[Date "2025.12.03"]
[Round "11"]
[White "Kita, Jaroslaw"]
[Black "Pichurko, Jakub"]
[Result "1/2-1/2"]
[WhiteElo "1557"]
[BlackElo "1714"]
[PlyCount "66"]
[EventDate "2025.09.23"]
[EventType "tourn"]
[EventRounds "1"]
[EventCountry "POL"]
[SourceDate "2025.09.23"]

1. e4 c6 2. d4 d5 3. exd5 cxd5 4. Bd3 Nc6 5. c3 Nf6 6. Bf4 Bg4 7. Qb3 Qc8 8.
Nd2 e6 9. Ngf3 Be7 10. O-O O-O 11. Rae1 a6 12. Qc2 Bxf3 13. Nxf3 g6 14. h3 b5
15. a3 Na5 16. Ne5 Nh5 17. Bh2 Nc4 18. f4 Ng7 19. g4 Nd6 20. Qg2 f5 21. g5 Ra7
22. h4 Rb7 23. Be2 Nf7 24. Nxf7 Kxf7 25. Bf3 Qd7 26. Qe2 Rb6 27. Kg2 Rc8 28. h5
a5 29. h6 Ne8 30. Qe5 Kg8 31. Bxd5 Qxd5+ 32. Qxd5 exd5 33. Rxe7 Nd6 $11 1/2-1/2

[Event "308th YMCA Autumn C"]
[Site "Warsaw"]
[Date "2025.12.03"]
[Round "11"]
[White "Przybylski, Marek"]
[Black "Kasperski, Marcin"]
[Result "0-1"]
[WhiteElo "1668"]
[BlackElo "1724"]
[PlyCount "114"]
[EventDate "2025.09.23"]
[EventType "tourn"]
[EventRounds "1"]
[EventCountry "POL"]
[SourceDate "2025.09.23"]

1. e4 e6 2. d4 d5 3. Nc3 Nf6 4. Bg5 Be7 5. e5 Nfd7 6. Bxe7 Qxe7 7. f4 a6 8. Nf3
c5 9. Be2 Nc6 10. Qd2 cxd4 11. Nxd4 Nxd4 12. Qxd4 Qc5 13. Qxc5 Nxc5 14. O-O b5
15. a3 Bb7 16. Bf3 O-O-O 17. Rfe1 Kc7 18. Rad1 d4 19. Ne4 Bxe4 20. Bxe4 Rd7 21.
b3 Rhd8 22. Bd3 Kb6 23. g4 h6 24. Kf2 a5 25. Ke2 Rc8 26. Rc1 Nxd3 27. cxd3 Rc3
28. Rxc3 dxc3 29. Rc1 b4 30. a4 Kc5 31. Ke3 f6 32. exf6 gxf6 33. h3 Rd5 34. Rd1
e5 35. f5 Rd4 36. Rc1 Kd5 37. Rd1 Rf4 38. Rc1 h5 39. Rg1 hxg4 40. hxg4 Kd6 41.
Ke2 Ke7 42. Rg2 Kf7 43. g5 Rxf5 44. gxf6 Rxf6 45. Rg5 Re6 46. Rf5+ Ke7 47. Rg5
Kd7 48. Rg7+ Kc6 49. Rg5 Kd5 50. Rg8 Rc6 51. Rg1 Rh6 52. Rb1 Kd4 53. Rc1 Rh2+
54. Kf3 Kxd3 55. Kg3 Rd2 56. Kf3 e4+ 57. Kf4 e3 0-1

[Event "308th YMCA Autumn C"]
[Site "Warsaw"]
[Date "2025.12.05"]
[Round "11"]
[White "Momot, Glib"]
[Black "Alvarado, Luis"]
[Result "1/2-1/2"]
[WhiteElo "1685"]
[BlackElo "1730"]
[PlyCount "55"]
[EventDate "2025.09.23"]
[EventType "tourn"]
[EventRounds "1"]
[EventCountry "POL"]
[SourceDate "2025.09.23"]

1. e4 c5 2. Nf3 e6 3. d4 cxd4 4. Nxd4 Nc6 5. g3 Qc7 6. Nb5 Qb8 7. N1c3 a6 8.
Nd4 Qc7 9. Bg2 Nf6 10. O-O Be7 11. Kh1 O-O 12. f4 d6 13. Be3 Nxd4 14. Bxd4 e5
15. Be3 b5 16. a3 Bb7 17. Qe1 Qc4 18. fxe5 dxe5 19. Bg5 Rad8 20. Rf5 Qc7 21.
Qe2 Bc8 22. Rff1 Be6 23. Rfd1 Rxd1+ 24. Rxd1 Rd8 25. Bf3 Bc4 26. Rxd8+ Qxd8 27.
Qe1 h6 28. Be3 1/2-1/2

[Event "308th YMCA Autumn C"]
[Site "Warsaw"]
[Date "2025.12.05"]
[Round "11"]
[White "Kumik, Michal"]
[Black "Marczukiewicz, Slawomir"]
[Result "1-0"]
[WhiteElo "1658"]
[BlackElo "1658"]
[PlyCount "125"]
[EventDate "2025.09.23"]
[EventType "tourn"]
[EventRounds "1"]
[EventCountry "POL"]
[SourceDate "2025.09.23"]

1. e4 c5 2. Nc3 e5 3. Bc4 Nf6 4. d3 d6 5. Nge2 Be7 6. f4 a6 7. a4 Nc6 8. f5 g6
9. Ng3 Nd4 10. O-O gxf5 11. exf5 d5 12. Ba2 b5 13. Re1 b4 14. Nce2 Nc6 15. Bg5
Kf8 16. Bh6+ Ke8 17. Bg7 Rg8 18. Bxf6 Bxf6 19. Nf4 Ne7 20. Nfh5 Bh8 21. f6 Ng6
22. Qf3 Be6 23. Nf5 Kf8 24. Nfg7 Ra7 25. Qe3 Rc7 26. Qh6 Bxg7 27. Nxg7 Rxg7 28.
Qxg7+ Ke8 29. Rf1 h5 30. Qg8+ Kd7 31. Qxd8+ Kxd8 32. c3 Rb7 33. Bb1 bxc3 34.
bxc3 Rb3 35. d4 e4 36. dxc5 Rxc3 37. Rd1 Kc7 38. Ba2 Rxc5 39. Rac1 Rxc1 40.
Rxc1+ Kd6 41. Rd1 Ne5 42. h3 Nd3 43. Bb3 Ke5 44. Rf1 Nc5 45. Bd1 Nd7 46. Bxh5
Nxf6 47. Be2 d4 48. Bxa6 d3 49. Rxf6 Kxf6 50. Kf2 Ke5 51. Ke3 f5 52. g3 Kd6 53.
h4 Kc5 54. h5 Bf7 55. h6 Bg6 56. Bc8 Kb4 57. Bd7 Kc3 58. Bb5 d2 59. Be2 Kc2 60.
a5 Bf7 61. h7 Bc4 62. h8=Q Bxe2 63. Qc8+ 1-0

[Event "308th YMCA Autumn C"]
[Site "Warsaw"]
[Date "2025.12.03"]
[Round "11"]
[White "Milczak, Piotr"]
[Black "Kozera, Konrad"]
[Result "0-1"]
[WhiteElo "1663"]
[BlackElo "1558"]
[PlyCount "148"]
[EventDate "2025.09.23"]
[EventType "tourn"]
[EventRounds "1"]
[EventCountry "POL"]
[SourceDate "2025.09.23"]

1. d4 e6 2. c4 f5 3. g3 Nf6 4. Bg2 d5 5. Nc3 c6 6. cxd5 exd5 7. Nf3 Bd6 8. O-O
O-O 9. Bg5 Qe8 10. Bxf6 Rxf6 11. e3 Rh6 12. Nb1 Nd7 13. Nbd2 Qh5 14. Nh4 Qxd1
15. Rfxd1 Nf6 16. a3 Ne4 17. Nhf3 Bd7 18. Ne1 Re8 19. Ndf3 Re7 20. Nd3 Be8 21.
Nde5 Bh5 22. Rdc1 a5 23. h4 Rf6 24. Rc2 h6 25. Kh2 g5 26. hxg5 hxg5 27. Nd3 Rh6
28. Kg1 Bxf3 29. Bxf3 g4 30. Bg2 Reh7 31. Nf4 Ng5 32. Rac1 Bxf4 33. exf4 Nf3+
34. Kf1 Nxd4 35. Rc3 Re7 36. Re1 Rhe6 37. Rce3 Kf7 38. Rxe6 Rxe6 39. Re3 Ke7
40. Rd3 Nc2 41. f3 gxf3 42. Bxf3 Re3 43. Rxe3+ Nxe3+ 44. Ke2 Nc4 45. b3 Nxa3
46. Kd3 Nb5 47. g4 fxg4 48. Bxg4 Kf6 49. Bc8 Nd6 50. Bg4 c5 51. Bd7 d4 52. Bg4
Kg6 53. Bd7 Kh5 54. Be6 Kg6 55. Bg4 b5 56. Bd7 Kf6 57. f5 b4 58. Be6 Nxf5 59.
Bg8 Nd6 60. Bd5 Ke5 61. Bg8 Kf4 62. Bd5 Kg3 63. Bg8 Kf2 64. Kd2 Ne4+ 65. Kd3
Nd6 66. Kd2 Ne4+ 67. Kd3 Nc3 68. Kd2 a4 69. bxa4 Nxa4 70. Kd3 Nb6 71. Bf7 Ke1
72. Bb3 c4+ 73. Bxc4 Nxc4 74. Kxc4 b3 0-1

[Event "308th YMCA Autumn C"]
[Site "Warsaw"]
[Date "2025.12.02"]
[Round "11"]
[White "Gluszek, Rafal"]
[Black "Wiktorowski, Janusz"]
[Result "1/2-1/2"]
[WhiteElo "1723"]
[BlackElo "1589"]
[PlyCount "139"]
[EventDate "2025.09.23"]
[EventType "tourn"]
[EventRounds "1"]
[EventCountry "POL"]
[SourceDate "2025.09.23"]

1. Nf3 d5 2. d4 Nc6 3. c4 e6 4. g3 h6 5. Bg2 Nf6 6. O-O Be7 7. b3 O-O 8. Bb2 b6
9. cxd5 exd5 10. Nc3 Bb4 11. Qc2 Ne7 12. Ne5 Bf5 13. Nd3 c6 14. Rac1 Bxc3 15.
Bxc3 Rc8 16. Bb4 Re8 17. Rfd1 a5 18. Ba3 Bg6 19. Qb2 Bxd3 20. Rxd3 Qd7 21. e3
b5 22. Bc5 b4 23. a3 Qf5 24. Rd2 bxa3 25. Qxa3 Ng6 26. Ra1 Ne4 27. Rda2 h5 28.
Qxa5 h4 29. f3 Nxc5 30. Qxc5 Rxe3 31. Ra8 Rxb3 32. Qxc6 Ne7 33. Rxc8+ Nxc8 34.
Re1 Kh7 35. Qe8 hxg3 36. hxg3 Nd6 37. Qe5 Qxe5 38. Rxe5 Rb5 39. f4 f6 40. Rxd5
Rxd5 41. Bxd5 Nb5 42. Be4+ f5 43. Bxf5+ g6 44. Bd7 Nxd4 45. Kf2 Kg7 46. Ke3 Nb3
47. Bc8 Kf6 48. Kf3 Nd4+ 49. Kg4 Ne2 50. Kh4 Kg7 51. Ba6 Nd4 52. Bd3 Nf3+ 53.
Kg4 Nd4 54. Be4 Ne6 55. Bxg6 Nxf4 56. Kxf4 Kxg6 57. Kg4 Kg7 58. Kh5 Kh7 59. g4
Kh8 60. g5 Kg7 61. g6 Kg8 62. Kg5 Kg7 63. Kf5 Kg8 64. Kf6 Kf8 65. Kf5 Kg8 66.
Kg5 Kg7 67. Kh5 Kg8 68. Kh6 Kh8 69. g7+ Kg8 70. Kg6 1/2-1/2

[Event "308th YMCA Autumn C"]
[Site "Warsaw"]
[Date "2025.12.10"]
[Round "12"]
[White "Kozera, Konrad"]
[Black "Gluszek, Rafal"]
[Result "0-1"]
[WhiteElo "1558"]
[BlackElo "1723"]
[PlyCount "90"]
[EventDate "2025.09.23"]
[EventType "tourn"]
[EventRounds "1"]
[EventCountry "POL"]
[SourceDate "2025.09.23"]

1. e4 c5 2. Nf3 Nc6 3. d4 cxd4 4. Nxd4 Nf6 5. Nc3 e5 6. Ndb5 d6 7. Bg5 a6 8.
Na3 b5 9. Nd5 Be7 10. Bxf6 Bxf6 11. c4 b4 12. Nc2 a5 13. Nce3 Bg5 14. Be2 Bxe3
15. Nxe3 O-O 16. Bg4 Ba6 17. Rc1 g6 18. h4 Bb7 19. Nd5 Nd4 20. h5 Bxd5 21. cxd5
f5 22. hxg6 fxg4 23. Qxg4 Ra7 24. Rh6 Rg7 25. Kd2 Qd7 26. gxh7+ Kh8 27. Qxd7
Rxd7 28. f3 b3 29. a3 Nc2 30. Rg1 Rff7 31. Rgh1 Rxh7 32. Rxh7+ Rxh7 33. Rxh7+
Kxh7 34. g3 a4 35. Kc3 Kg6 36. f4 Kf6 37. Kc4 Nxa3+ 38. Kb4 Nb5 39. Kxa4 Nc3+
40. Kxb3 Nxe4 41. fxe5+ Kxe5 42. Kc4 Nxg3 43. b4 Ne4 44. b5 Nc5 45. b6 Nb7 0-1

[Event "308th YMCA Autumn C"]
[Site "Warsaw"]
[Date "2025.12.10"]
[Round "12"]
[White "Marczukiewicz, Slawomir"]
[Black "Milczak, Piotr"]
[Result "1/2-1/2"]
[WhiteElo "1658"]
[BlackElo "1663"]
[PlyCount "47"]
[EventDate "2025.09.23"]
[EventType "tourn"]
[EventRounds "1"]
[EventCountry "POL"]
[SourceDate "2025.09.23"]

1. c4 Nf6 2. Nc3 e5 3. e4 Nc6 4. g3 Bc5 5. Bg2 O-O 6. Nf3 a6 7. O-O d6 8. d3 h6
9. h3 Be6 10. Nd5 Nd4 11. Kh2 c6 12. Nxf6+ Qxf6 13. Nxd4 Bxd4 14. Be3 Ba7 15.
b3 Qe7 16. Bxa7 Rxa7 17. d4 Raa8 18. Qd2 Rad8 19. d5 cxd5 20. cxd5 Bd7 21. Rfc1
Rc8 22. Bf1 Rxc1 23. Rxc1 Rc8 24. h4 $11 1/2-1/2

[Event "308th YMCA Autumn C"]
[Site "Warsaw"]
[Date "2025.12.18"]
[Round "12"]
[White "Alvarado, Luis"]
[Black "Kumik, Michal"]
[Result "1-0"]
[WhiteElo "1730"]
[BlackElo "1658"]
[PlyCount "121"]
[EventDate "2025.09.23"]
[EventType "tourn"]
[EventRounds "1"]
[EventCountry "POL"]
[SourceDate "2025.09.23"]

1. e4 e5 2. Nf3 Nc6 3. Bb5 a6 4. Ba4 d6 5. c3 Nf6 6. Bc2 g6 7. O-O Bg7 8. d4
O-O 9. dxe5 dxe5 10. h3 Be6 11. Qe2 Qe7 12. Nbd2 Nh5 13. Nb3 f5 14. exf5 Bxf5
15. Bxf5 Rxf5 16. g4 Nf4 17. Qc4+ Qf7 18. Qxf7+ Rxf7 19. Ng5 Re7 20. Bxf4 exf4
21. Rfe1 Rae8 22. Nf3 Ne5 23. Nxe5 Rxe5 24. Kf1 b6 25. Rxe5 Bxe5 26. Nd2 Bd6
27. Re1 Rxe1+ 28. Kxe1 Kf7 29. Ke2 h6 30. Kd3 Ke6 31. Ke4 b5 32. Nf3 Bc5 33.
Nd4+ Bxd4 34. Kxd4 Kf6 35. h4 g5 36. h5 Ke6 37. Kc5 Ke5 38. f3 a5 39. Kxb5 Kd5
40. b3 c5 41. Kxa5 Kc6 42. b4 Kd5 43. Kb5 cxb4 44. Kxb4 Kc6 45. a4 Kb6 46. a5+
Kc6 47. c4 Kb7 48. Kb5 Ka7 49. c5 Kb7 50. c6+ Kc7 51. a6 Kb8 52. Kb6 Ka8 53.
Kc7 Ka7 54. Kd7 Kxa6 55. c7 Kb6 56. c8=Q Ka7 57. Qc7+ Ka8 58. Qc2 Kb7 59. Qb2+
Ka6 60. Kc6 Ka7 61. Qb7# 1-0

[Event "308th YMCA Autumn C"]
[Site "Warsaw"]
[Date "2025.12.10"]
[Round "12"]
[White "Kasperski, Marcin"]
[Black "Momot, Glib"]
[Result "0-1"]
[WhiteElo "1724"]
[BlackElo "1685"]
[PlyCount "146"]
[EventDate "2025.09.23"]
[EventType "tourn"]
[EventRounds "1"]
[EventCountry "POL"]
[SourceDate "2025.09.23"]

1. c4 c6 2. g3 Nf6 3. Bg2 e6 4. Nf3 d5 5. O-O Bd6 6. d3 h6 7. Bd2 Nbd7 8. Qc2
dxc4 9. Qxc4 Ne5 10. Qc2 Ng6 11. Na3 Qe7 12. Nc4 Bc7 13. a3 Nd5 14. Rac1 Nb6
15. Na5 O-O 16. Nd4 Qf6 17. Ndxc6 bxc6 18. Nxc6 Bb7 19. Ne7+ Qxe7 20. Bxb7 Rab8
21. Qxc7 Rxb7 22. Qxe7 Nxe7 23. b4 Nf5 24. Be3 Nxe3 25. fxe3 Re8 26. e4 f5 27.
exf5 exf5 28. Kf2 Rbe7 29. Rfe1 Kf7 30. Rc5 g6 31. h4 Nd7 32. Rc7 Ne5 33. Rec1
Ng4+ 34. Ke1 Rxc7 35. Rxc7+ Re7 36. Rc5 Ne3 37. h5 gxh5 38. b5 Kf6 39. a4 f4
40. gxf4 Ng2+ 41. Kd2 h4 42. e4 h3 43. Rh5 Nxf4 44. Rf5+ Kg6 45. Rxf4 Kg5 46.
Rf1 Kg4 47. Ke3 h2 48. d4 Kg3 49. d5 Kg2 50. Rf2+ Kg1 51. Rd2 Rxe4+ 52. Kxe4
h1=Q+ 53. Ke5 Qh5+ 54. Kd6 Qg6+ 55. Kc5 Qb6+ 56. Kc4 Qc7+ 57. Kb3 Qd6 58. Kc4
h5 59. Re2 Qc7+ 60. Kd4 h4 61. Re6 Qf4+ 62. Re4 Qd6 63. Re6 Qb4+ 64. Ke5 Qc5
65. Rc6 Qe3+ 66. Kf5 Qd3+ 67. Ke6 Qe4+ 68. Kd6 h3 69. Ra6 h2 70. Rxa7 h1=Q 71.
b6 Qxd5+ 72. Kc7 Qh7+ 73. Kc8 Qdg8# 0-1

[Event "308th YMCA Autumn C"]
[Site "Warsaw"]
[Date "2025.12.09"]
[Round "12"]
[White "Pichurko, Jakub"]
[Black "Przybylski, Marek"]
[Result "1-0"]
[WhiteElo "1714"]
[BlackElo "1668"]
[PlyCount "145"]
[EventDate "2025.09.23"]
[EventType "tourn"]
[EventRounds "1"]
[EventCountry "POL"]
[SourceDate "2025.09.23"]

1. c4 e6 2. Nf3 d5 3. d4 Nf6 4. g3 Be7 5. Bg2 O-O 6. O-O c6 7. Qc2 b6 8. Rd1
Bb7 9. Nc3 Nbd7 10. cxd5 exd5 11. Bf4 Nh5 12. Be3 Rc8 13. Qd2 Qc7 14. Rac1 Qb8
15. a3 a5 16. Bg5 Bxg5 17. Qxg5 Nhf6 18. Nh4 h6 19. Qd2 Rfe8 20. Nf5 Nf8 21. b4
axb4 22. axb4 Rcd8 23. Qa2 Qa8 24. Qb3 Bc8 25. Ra1 Qb7 26. Ne3 Ng4 27. Nxg4
Bxg4 28. Rd2 Ra8 29. Rda2 Ne6 30. e3 Nc7 31. b5 Bd7 32. bxc6 Bxc6 33. Rxa8 Rxa8
34. Rxa8+ Qxa8 35. Qxb6 Qb7 36. Qxb7 Bxb7 37. Kf1 Kf8 38. Ke2 Ke7 39. h4 g5 40.
hxg5 hxg5 41. Bh3 Kf6 42. f3 Ne6 43. Kf2 Kg6 44. g4 Kf6 45. Bf1 Ke7 46. Bd3 Kd7
47. Bf5 Ke7 48. Bd3 Kd7 49. Bb5+ Ke7 50. Ke2 Kd6 51. Kd3 Nc7 52. e4 Nxb5 53.
Nxb5+ Kc6 54. Nc3 dxe4+ 55. Nxe4 Ba6+ 56. Ke3 Bc8 57. Nxg5 f5 58. Nf7 Kd5 59.
g5 Ke6 60. Ne5 Bb7 61. f4 Be4 62. Nd3 Bd5 63. Nf2 Bc4 64. Nd1 Bd5 65. Nc3 Bb7
66. Ne2 Bd5 67. Ng3 Bc6 68. Nh5 Kf7 69. Nf6 Ke7 70. d5 Ba4 71. Kd4 Kd6 72. g6
Ke7 73. g7 1-0

[Event "308th YMCA Autumn C"]
[Site "Warsaw"]
[Date "2025.12.10"]
[Round "12"]
[White "Glowacki, Mateusz"]
[Black "Kita, Jaroslaw"]
[Result "1-0"]
[WhiteElo "1693"]
[BlackElo "1557"]
[PlyCount "77"]
[EventDate "2025.09.23"]
[EventType "tourn"]
[EventRounds "1"]
[EventCountry "POL"]
[SourceDate "2025.09.23"]

1. e4 c6 2. Bc4 d5 3. Bb3 Nd7 4. exd5 Nc5 5. dxc6 Nxb3 6. axb3 bxc6 7. d4 Nf6
8. c4 Bg4 9. f3 Bf5 10. Ne2 e6 11. Ng3 Bg6 12. Nc3 Bb4 13. O-O h6 14. Bf4 O-O
15. Nge4 Be7 16. Kh1 Nh5 17. Be3 Qc7 18. Ne2 f5 19. N4c3 f4 20. Bf2 Nf6 21. Ra4
Bh7 22. Re1 g5 23. d5 e5 24. c5 cxd5 25. Nxd5 Nxd5 26. Qxd5+ Kh8 27. Nd4 Qxc5
28. Rxe5 Qxd5 29. Rxd5 Rfd8 30. Rxd8+ Rxd8 31. Bg1 Bf6 32. h3 Rd5 33. Nc6 Bxb2
34. Rxa7 Bf6 35. b4 Rd6 36. b5 Bd3 37. b6 Rxc6 38. b7 Be5 39. Bd4 1-0